02054nam a22003857a 4500001000200000003000900002005001700011007000200028008003300030020001800063040002200081082002200103100003500125245008900160260004000249300003900289500007400328506040700402590002600809650003800835650004300873650006300916651005600979651005801035700002801093830001601121910001101137942001201148945002701160952013801187952014301325952014301468956004001611999001701651 DO-SdBNP20210428105210.0 160902b 2008 dr a | 00| 0 spa d a9789945130966 aBPMSUbspacBPMSU 4a332.46bS714d2221 aSención, César Augusto d 10a Declíve de la hegemonía de los Estados Unidos /c César Augusto Sención b  aSanto Domingo : bMediabyte, c2008 a117 p. : bils., gráfs.c23 cm.  aIncluye referencias bibliográficas y notas al pie de las páginas  eCubanos en Estados Unidos$v Videodiscos digitales. Administración de justicia$z Estados Unidos$v Videodiscos digitales. aEstados Unidos$x Imperialismo. aEstados Unidos$x Relaciones exteriores. Kotz, David. $tInflación, depresión y la clase obrera en Estados Unidos. Colombia$x Relaciones exteriores$z Estados Unidos $y 1930-1940. Estados Unidos$x Relaciones exteriores$z Colombia $y 1930-1940. 6Inventariado, 2021/VM 4aMacroeconomía zEstados Unidos  4aPolítica monetaria zEstados Unidos  4aCapitalismo zEstados Unidos2 3 4 6 8 b c d e v  4aEstados Unidos xPolítica económica ySiglo XXI 4aEstados Unidos xCondiciones económicas ySiglo XXI10aTrincado, Estrellaetr. 0aPensamiento aVMateo 2ddccBK aInventariado, 2017/MFF 00102ddc40708CDaBPMETbBPMETd2021-04-27eChiqui Vicioso oBPMSU CD 332.46 S714d 2008pBPMSU21040050r2021-04-27w2021-04-27yBK 00102ddc40708CDaBPMETbBPMETd2021-04-27eChiqui Vicioso oBPMSU CD 332.46 S714d 2008pBPMSU21040051r2021-04-27te.2w2021-04-27yBK 00102ddc40708CDaBPMETbBPMETd2021-04-27eChiqui Vicioso oBPMSU CD 332.46 S714d 2008pBPMSU21040052r2021-04-27te.3w2021-04-27yBK 2LOPEREZ3106201609028BPMSUa00041 c13439d13439